000 00712nam0a22002411 4500
001 rc\2621937
005 20250623142423.0
035 _a(NLR Aleph) 006785602
090 _a6090024
_c6090024
100 _a20110914d1931 |||y0rusy50 ca
101 0 _arus
102 _aRU
105 _ay z |||||
200 1 _aСчетный план Зернотреста на 1931 год
210 _a[Минусинск]
_cМинусинск. тип. № 6
_d[1931]
215 _a[8] с.
_d29х20 см.
710 0 2 _aЗернотрест
_cМосква
_9700745
_3RU\NLR\AUTH\880519977
801 0 _aRU
_bNLR
_gpsbo
801 1 _aRU
_bELAR
_2rusmarc
852 _aNLR
_j32-13/278
942 _cBOOK
980 _aNB